[Event "XXIV ProAm Copa Clarin 2017"]
[Site "Villa Martelli"]
[Date "2017.10.01"]
[Round "1.13"]
[White "Cimer, Emanuel"]
[Black "Gomez Martinez, Juan Carlos"]
[Result "1-0"]
[WhiteElo "2237"]
[BlackElo "1643"]
[Annotator "TA"]
[PlyCount "72"]
[EventDate "2017.??.??"]
[EventType "swiss"]
[EventCountry "ARG"]
[SourceTitle "playchess.com"]
[Source "ChessBase"]
[SourceQuality "1"]

{[%evp 9,72,1,63,64,66,50,61,64,63,63,66,54,61,52,84,62,74,60,67,60,65,63,73,68,74,58,95,75,94,50,82,38,50,18,29,20,25,7,29,-33,4,4,26,27,81,93,241,304,439,434,519,519,519,519,544,527,502,500,498,496,449,191,670,664,607]} 1. e4 c5 2. Nf3 e6 3. g3 d6 (3... Nc6 4. Bg2 Nf6 5. Qe2 d6 6. O-O Be7 7. c3 O-O 8. d4 cxd4 9. cxd4 d5 10. e5 Ne4 11. Rd1 Bd7 12. Be3 Qe8 13. Ne1 f6 14. exf6 Bxf6 15. Nc3 {1-0 (83) Gharamian,T (2616)-Bauer,C (2650) Agen 2017}) 4. Bg2 Nf6 5. Qe2 Nbd7 (5... Nc6 $11) 6. O-O $14 {B40: Sicilian: 2...e6, Unusual lines} Qc7 7. Rd1 $146 ({Predecessor:} 7. c3 Be7 8. d4 e5 9. dxe5 Nxe5 10. Nxe5 dxe5 11. Bg5 {½-½ (24) Janik,I (2387)-Dahl,T (2196) Porec 2015}) 7... Be7 8. d4 {White is slightly better.} cxd4 9. Nxd4 a6 10. c4 O-O 11. b3 Rd8 12. Bb2 Nf8 13. Nc3 Bd7 14. Rac1 Rac8 15. Kh1 Ng6 16. f4 Re8 17. Nf3 Bf8 18. Rd2 Bc6 19. Ng5 h6 20. Nh3 Qa5 21. a4 d5 22. e5 Ne4 $1 {[%cal Re4d2]} 23. Nxe4 dxe4 24. Rdd1 (24. Bc3 $11 Qb6 25. Rb1) 24... Qb4 25. Qc2 b5 26. Bc3 {[%cal Bb2c3,Bc3d4,Bd4c5][%mdl 32]} Qc5 (26... Qe7 $11) 27. b4 $36 {[%mdl 2048] White is in control.} ({Weaker is} 27. Bxe4 bxa4 28. bxa4 Qxc4 $17) 27... Qxc4 (27... Qa7 $16) 28. Rd4 $18 Qxd4 (28... Bd5 {was worth a try.}) 29. Bxd4 Bd5 30. Qxc8 Rxc8 31. Rxc8 bxa4 32. Nf2 Ne7 33. Rc1 Nc6 34. Bc5 Nxb4 35. Bxe4 (35. Bxb4 $142 Bxb4 36. Bxe4) 35... Bxe4+ $2 {[#]} (35... Nd3 36. Nxd3 Bxe4+ 37. Kg1 Bxd3) 36. Nxe4 Nd3 {Precision: White = 49%, Black = 32%.} 1-0

[Event "XXIV ProAm Copa Clarin 2017"]
[Site "Villa Martelli"]
[Date "2017.10.01"]
[Round "1.14"]
[White "Fernandez Garcia, Jose Miguel"]
[Black "Falcon, Benjamin"]
[Result "0-1"]
[WhiteElo "2412"]
[BlackElo "2183"]
[Annotator "TA"]
[PlyCount "85"]
[EventDate "2017.??.??"]
[EventType "swiss"]
[EventCountry "ARG"]
[SourceTitle "playchess.com"]
[Source "ChessBase"]
[SourceQuality "1"]

{[%evp 23,85,10,14,-10,3,0,8,0,0,0,16,14,10,-27,-13,-29,-29,-35,-39,-32,-33,-43,0,0,140,50,51,8,154,160,144,0,0,0,0,0,0,-95,-95,-95,-102,-73,-27,-189,-189,-186,-193,-204,-200,-523,-522,-698,-683,-705,0,-696,-688,-1372,-892,-5720,-4678,-12844,-12844,-12839]} 1. e4 e5 2. Nf3 Nc6 3. Bb5 a6 4. Ba4 Nf6 5. O-O Be7 6. Re1 b5 7. Bb3 O-O 8. c3 d6 9. h3 Nb8 10. d4 Nbd7 11. Bg5 Bb7 12. Nbd2 h6 {LiveBook: 18 Games. C95: Closed Ruy Lopez: Breyer Variation with 10 d4} 13. Bxf6 (13. Bh4 c5 14. a4 Qc7 15. Qe2 c4 16. Bc2 Rfe8 17. b3 exd4 18. Nxd4 cxb3 19. N2xb3 bxa4 20. Rxa4 Rac8 21. Qd1 {½-½ (72) Bures,J (2486)-Jemec,V (2357) ICCF email 2008}) 13... Bxf6 14. Nf1 Re8 $146 {The position is equal.} ({Predecessor:} 14... exd4 15. Nxd4 g6 16. Bd5 Bxd5 17. exd5 Ne5 18. b3 c5 19. Ne2 Bg7 20. f4 {1-0 (45) Quenette,F (1980)-Blanchard,A (1794) Metz 2010}) 15. Ng3 exd4 16. cxd4 g6 17. Qd2 Bg7 18. Rac1 c5 19. dxc5 Nxc5 20. Bd5 Bxd5 21. exd5 Rxe1+ 22. Rxe1 Qf6 23. b4 Nb7 (23... Na4 $11) 24. Ne4 (24. Qe3 $16) 24... Qb2 $14 25. Qf4 Rd8 {[#]} (25... Qxa2 $11 {remains equal.} 26. Nf6+ Bxf6 27. Qxf6 Qxd5) 26. g4 $1 $16 Qxa2 27. Nf6+ ({White must play} 27. g5 $16 Qxd5 28. gxh6) 27... Bxf6 $1 $11 28. Qxf6 Qxd5 29. Re7 Rf8 $1 30. Nh4 (30. Nd4 $11 Nd8 31. Rd7) 30... Qg5 $17 31. Qxg5 hxg5 {[%mdl 4096] Endgame KRN-KRN} 32. Nf3 Nd8 {Hoping for ...Ne6.} 33. Nxg5 $2 (33. Ra7 $11 {and White is okay.}) 33... Nc6 $19 34. Rd7 Nxb4 35. Rxd6 Ra8 {White must now prevent ...a5.} 36. h4 $2 (36. Ne4) 36... a5 37. h5 gxh5 38. gxh5 Ra6 $2 ({Better is} 38... a4 $19 39. Nf3 a3) 39. Rd7 $2 {[%mdl 8192]} (39. h6 $11 Rxd6 40. h7+ Kg7 {[#]} 41. h8=Q+ $1 {[%mdl 512]} Kxh8 42. Nxf7+ Kg7 43. Nxd6) 39... a4 {Black is clearly winning.} 40. Nxf7 a3 {aiming for ...a2.} 41. h6 a2 42. Ng5 a1=Q+ 43. Kg2 {Precision: White = 22%, Black = 58%.} 0-1

[Event "XXIV ProAm Copa Clarin 2017"]
[Site "Villa Martelli"]
[Date "2017.10.01"]
[Round "1.15"]
[White "Ferrara, Enzo"]
[Black "Arias, Maria Paula"]
[Result "1-0"]
[WhiteElo "2179"]
[BlackElo "1606"]
[Annotator "TA"]
[PlyCount "51"]
[EventDate "2017.??.??"]
[EventType "swiss"]
[EventCountry "ARG"]
[SourceTitle "playchess.com"]
[Source "ChessBase"]
[SourceQuality "1"]

{[%evp 9,51,-12,137,46,97,92,83,76,87,82,88,76,170,125,144,135,181,167,349,345,324,326,507,509,510,508,501,504,648,606,770,534,745,745,981,997,1437,1424,29988,2409,29989,29990,29984,779]} 1. d4 f5 2. e4 fxe4 3. Nc3 Nf6 4. Bg5 g6 5. f3 e3 (5... d5 $11 {keeps the balance.}) 6. Bc4 {A83: Dutch Defence: Staunton Gambit with 3 Nc3 Nf6 4 Bg5} ({Don't do} 6. Bxe3 $6 Bg7 $14) (6. Qe2 $16) (6. Qd3 d5 7. Qxe3 Bg7 8. O-O-O O-O 9. Bh6 Nc6 10. Bxg7 Kxg7 11. Bb5 Qd6 12. Bxc6 bxc6 13. Nge2 Re8 {0-1 (61) Cobb,J (2422)-Dzhumaev,M (2500) Caerleon 2007}) 6... c6 ({Black should try} 6... e6 $14) 7. Qe2 d5 $146 ({Predecessor:} 7... b5 8. Qxe3 Bg7 9. Bxf6 Bxf6 10. Ne4 Bh4+ 11. g3 bxc4 12. gxh4 O-O 13. O-O-O d5 {½-½ (24) Kundrak,G (2178)-Borsos,A (2143) Hungary 2007}) 8. Bd3 {White is better.} Bg7 {[#]} 9. O-O-O $1 O-O 10. Qxe3 b5 (10... Qd6 $16) 11. Bh6 a5 12. g4 a4 13. h4 Qd6 $2 (13... Rf7 14. Bxg7 Rxg7) 14. Bxg7 $18 Kxg7 15. h5 {Strongly threatening hxg6.} Ng8 (15... g5 $142 16. Nh3 Kh8 17. Nxg5 Ra7) 16. hxg6 hxg6 17. Nh3 Rf6 18. Ne2 b4 19. Ng5 b3 20. Rh7+ Kf8 21. a3 bxc2 22. Rdh1 Na6 23. Rh8 Kg7 24. R1h7+ Kf8 {[#]} 25. Rxe7 $1 {[%mdl 512]} Qxe7 {[#]} 26. Rxg8+ $1 {[%mdl 512] Precision: White = 71%, Black = 27%.} 1-0

[Event "XXIV ProAm Copa Clarin 2017"]
[Site "Villa Martelli"]
[Date "2017.10.01"]
[Round "1.16"]
[White "Bosco, Giuliana"]
[Black "Leon, Juan Carlos"]
[Result "0-1"]
[WhiteElo "1596"]
[BlackElo "2172"]
[Annotator "TA"]
[PlyCount "76"]
[EventDate "2017.??.??"]
[EventType "swiss"]
[EventCountry "ARG"]
[SourceTitle "playchess.com"]
[Source "ChessBase"]
[SourceQuality "1"]

{[%evp 16,76,-23,-28,-28,-55,0,-2,-2,-18,15,-14,0,-12,18,-28,-28,-50,-22,-20,-18,-20,-20,-18,0,-49,-41,-95,-85,-80,-33,-141,-147,-186,-162,-181,-172,-188,-190,-228,-195,-261,-283,-284,-291,-287,-280,-262,-233,-405,-407,-407,-399,-456,-431,-449,-431,-697,-685,-1054,-1038,-1291,-1245]} 1. e4 e6 2. Nf3 d5 3. Nc3 Nf6 4. e5 Nfd7 5. d4 c5 6. dxc5 Nc6 7. Bf4 Nxc5 8. Bd3 Be7 9. O-O a6 {C11: French: Classical System: 4 e5 and 4 Bg5 dxe4} (9... Bd7 10. a3 g5 11. Bg3 h5 12. h3 Qb6 13. Be2 O-O-O 14. b4 Ne4 15. Nxe4 dxe4 16. Nd2 h4 17. Bh2 {½-½ (49) Schneider,I (2481)-Heberla,B (2531) Germany 2016}) 10. Ne2 Qb6 $146 ({Black should try} 10... g5 $15 11. Bg3 h5) ({Predecessor:} 10... g5 11. Bg3 h5 12. h3 Qb6 13. Rb1 Nd7 14. Re1 g4 15. hxg4 hxg4 {0-1 (30) Canney,R (2238)-Lapid,L (2268) Lone Tree 2016}) 11. b3 $11 Bd7 {The position is equal.} 12. Qd2 Nb4 13. Ned4 Rc8 14. Rfc1 O-O 15. a3 (15. Be3 {keeps more tension.} Rfe8 16. a3 Nc6 17. b4 Nxd3 18. cxd3 Qd8 19. Nxc6 Bxc6 20. Rc3) 15... Ncxd3 16. cxd3 {[#] aiming for Be3.} Rxc1+ 17. Rxc1 {Be3 is the strong threat.} Nc6 18. Nxc6 bxc6 19. b4 c5 $36 {[%cal Rc5b4][%mdl 2048] White is under pressure.} 20. bxc5 Bxc5 21. Ra1 (21. Be3 $15 d4 22. Qc2) 21... Qb3 22. d4 Bxa3 {Hoping for ...Bb4.} 23. Qa2 (23. Qe3 $15 Qxe3 24. fxe3) 23... Rb8 $17 {[#] Threatens to win with ...Qxa2.} 24. h3 Qxa2 25. Rxa2 Rb3 26. Nd2 Rd3 27. Be3 Bb5 28. Nb1 (28. Rc2 $142) 28... Bb4 $19 29. Rb2 a5 30. Nd2 h6 31. Nb3 Bc4 ({Resist} 31... Rd1+ 32. Kh2 $19) 32. Nc1 $2 (32. Nc5 {only move.} Rd1+ 33. Kh2) 32... Rd1+ 33. Kh2 Bc3 34. Rb8+ Kh7 {Black is clearly winning.} 35. Rb7 Kg6 36. Rb1 (36. g4 $142) 36... a4 {[%cal Ba5a4,Ba4a3][%mdl 32]} 37. Rb7 a3 38. Ra7 Bb2 {Precision: White = 18%, Black = 60%.} 0-1

[Event "XXIV ProAm Copa Clarin 2017"]
[Site "Villa Martelli"]
[Date "2017.10.01"]
[Round "1.17"]
[White "Hernandez Amura, Gilberto"]
[Black "De Diego Fuentes, Lorenzo"]
[Result "1-0"]
[WhiteElo "2166"]
[BlackElo "2198"]
[Annotator "TA"]
[PlyCount "49"]
[EventDate "2017.??.??"]
[EventType "swiss"]
[EventCountry "ARG"]
[SourceTitle "playchess.com"]
[Source "ChessBase"]
[SourceQuality "1"]

{[%evp 20,49,24,13,33,26,44,3,10,12,19,0,0,0,42,43,36,52,53,61,45,73,53,61,29992,29993,29993,29994,29994,29995,29998,29999]} 1. e4 e5 2. Nf3 Nc6 3. Bb5 {[%cal Bf1b5,Bb5a4,Ba4b3][%mdl 32]} a6 4. Ba4 Nf6 5. d3 b5 6. Bb3 d6 7. c3 Be7 8. O-O O-O 9. Re1 Be6 10. Nbd2 {[%cal Bb1d2,Bd2f1,Bf1g3,Bg3f5][%mdl 32]} Bxb3 11. axb3 Nd7 {C90: Closed Ruy Lopez with 7...d6: Early deviations} (11... a5 12. Nf1 Re8 13. Ne3 Bf8 14. Nf5 Ne7 15. Nxe7+ Bxe7 16. d4 Nd7 17. Qd3 c6 18. Be3 Qc7 19. Red1 {½-½ (47) Asrian,K (2611)-Beliavsky,A (2630) Warsaw 2005}) 12. Nf1 Bf6 $146 ({Predecessor:} 12... f5 13. exf5 Rxf5 14. Ng3 Rf7 15. d4 Qf8 16. d5 Nd8 17. Be3 h6 18. c4 {½-½ (62) Rutkowska,M (2115)-Guzik,J Rowy 1998}) 13. g4 h6 {The position is equal.} 14. Ng3 Ne7 15. Kg2 Ng6 16. b4 Nh4+ 17. Nxh4 Bxh4 18. Nf5 Bg5 19. h4 {[%cal Bh2h4,Bh4g5][%mdl 32]} Bxc1 $1 20. Rxc1 Kh7 21. g5 hxg5 $2 {[%mdl 8192] [#]} (21... Rh8 $14) 22. Qh5+ {White mates.} Kg8 23. hxg5 g6 24. Qh6 {[%csl Gf5][%cal Rh6g7]} gxf5 25. Rh1 {Precision: White = 78%, Black = 24%.} 1-0

[Event "XXIV ProAm Copa Clarin 2017"]
[Site "Villa Martelli"]
[Date "2017.10.01"]
[Round "1.18"]
[White "Dani, Juan Jose"]
[Black "Tomeo, Ivan"]
[Result "0-1"]
[WhiteElo "1549"]
[BlackElo "2149"]
[Annotator "TA"]
[PlyCount "66"]
[EventDate "2017.??.??"]
[EventType "swiss"]
[EventCountry "ARG"]
[SourceTitle "playchess.com"]
[Source "ChessBase"]
[SourceQuality "1"]

{[%evp 11,66,7,17,10,16,21,19,22,28,-11,0,0,0,0,0,0,0,-55,-8,-31,-26,-121,-117,-190,-177,-381,-366,-615,-620,-597,-621,-619,-612,-612,-612,-614,-611,-593,-598,-662,-671,-671,-672,-802,-794,-786,-766,-2000,-1752,-29990,-29991,-29991,-29992,-29992,-29990,-29998,-29999]} 1. d4 f5 2. Bf4 Nf6 3. h3 g6 4. Nf3 Bg7 5. e3 O-O 6. Be2 {A80: Dutch Defence: Unusual White second moves} d6 {LiveBook: 17 Games} 7. c3 (7. O-O e6 8. Bh2 Nc6 9. Nbd2 Qe7 10. c3 b6 11. b4 a5 12. Qb3 Bb7 {½-½ (42) Aronian,L (2826)-Caruana,F (2781) Zuerich 2014}) 7... Qe8 8. O-O {The position is equal.} Nc6 9. Nbd2 Kh8 10. Ng5 $146 ({Predecessor:} 10. b4 e5 11. Bh2 e4 {1-0 (58) Chemin,V (2315)-Crosa Coll,M (2412) Sao Paulo 2003}) 10... h6 {[#] Threatens to win with ...e5.} 11. Ngf3 g5 12. Bh2 e5 13. dxe5 dxe5 14. Ne1 (14. Bb5 $11) 14... b6 15. f3 Bb7 $36 {[%mdl 2048] Black is pushing.} 16. Qc2 {[#]} (16. Bd3 $11) 16... Nd5 $1 $17 {[%cal Rd5e3]} 17. Qd3 (17. Nc4 $17 {is a better defense.}) 17... Rd8 $19 {aiming for ...Nf4.} 18. e4 $2 (18. Bd1) 18... Ndb4 19. Qe3 $2 (19. cxb4 Rxd3 20. Bxd3) 19... f4 20. Qf2 Rxd2 21. cxb4 Nd4 22. Bb5 Rxf2 23. Bxe8 Rxf1+ ({Inferior is} 23... Rxe8 24. Rxf2 Ba6 25. Rd2 $16) 24. Kxf1 Rxe8 25. Rc1 Ba6+ 26. Kf2 Bf8 27. Rxc7 Bxb4 28. Rxa7 Bb5 29. g4 Rc8 30. a3 Bxe1+ {Black mates.} 31. Kxe1 Rc1+ 32. Kf2 Rc2+ 33. Kg1 Nxf3+ {Precision: White = 31%, Black = 75%.} 0-1

[Event "XXIV ProAm Copa Clarin 2017"]
[Site "Villa Martelli"]
[Date "2017.10.01"]
[Round "1.19"]
[White "Anino, Sergio"]
[Black "Longhitano, Juan"]
[Result "0-1"]
[WhiteElo "2132"]
[BlackElo "1531"]
[Annotator "TA"]
[PlyCount "29"]
[EventDate "2017.??.??"]
[EventType "swiss"]
[EventCountry "ARG"]
[SourceTitle "playchess.com"]
[Source "ChessBase"]
[SourceQuality "1"]

{[%evp 11,12,39,35]} 1. d4 d5 2. c4 e6 3. Nf3 Nf6 4. Nc3 Be7 5. Bf4 c6 6. e3 O-O {[%mdl 32768] LiveBook: 381 Games. Sensor Board Error (Ke4/e5)?} {Predecessor:} 7. h3 $146 b6 8. Qc2 Bb7 9. cxd5 Nxd5 10. Nxd5 Qxd5 11. Bd3 Bb4+ 12. Ke2 h6 13. Rhd1 Rc8 14. a3 Be7 15. Bh7+ {0-1 (22) Grigoriants,S (2603)-Vajda,L (2566) Hungary 2015} 0-1

[Event "XXIV ProAm Copa Clarin 2017"]
[Site "Villa Martelli"]
[Date "2017.10.01"]
[Round "1.20"]
[White "Romano, Julio Ezequiel"]
[Black "Zamani, Andres"]
[Result "0-1"]
[WhiteElo "1494"]
[BlackElo "2120"]
[Annotator "TA"]
[PlyCount "42"]
[EventDate "2017.??.??"]
[EventType "swiss"]
[EventCountry "ARG"]
[SourceTitle "playchess.com"]
[Source "ChessBase"]
[SourceQuality "1"]

{[%evp 19,42,-20,-6,-286,-282,-273,-291,-331,-302,-297,-287,-264,-109,-121,-141,-88,-44,-200,-171,-204,-70,-200,-192,-755,-746]} 1. e4 c5 2. Nf3 d6 3. d4 cxd4 4. Nxd4 Nf6 5. Nc3 g6 6. f3 Bg7 7. Be3 O-O 8. Qd2 Nc6 9. Nxc6 bxc6 10. Bc4 Qa5 11. Bh6 $2 {[%mdl 8192] B76: Sicilian Dragon: Yugoslav Attack, 9 g4 and 9 0-0-0} (11. Rb1 $11 {and White is okay.}) (11. O-O Qb4 12. Bb3 Ba6 13. Rfd1 Qb7 14. Kh1 Nd7 15. Bh6 Bxh6 16. Qxh6 Nb6 17. f4 c5 18. Bd5 Nxd5 19. Nxd5 Bc4 20. b3 Bxd5 21. exd5 Qd7 22. Rd3 f6 23. Re1 {½-½ (23) Csire,B (2081)-Gyurkovics,B (2212) Hungary 2013}) 11... Bxh6 $19 12. Qxh6 {[#]} d5 $1 13. exd5 {Black has a decisive advantage.} cxd5 14. Qg5 Bf5 15. g4 d4 ({Don't do} 15... Bxc2 16. Bxd5 Kg7 17. Rc1 $17) (15... dxc4 $19 {is more deadly.} 16. gxf5 Rab8) 16. gxf5 $17 dxc3 17. b3 $146 ({Predecessor:} 17. O-O-O Rab8 18. Bb3 Rb5 {½-½ (32) Bouquin,A (1830)-Denes,M (1700) Fouesnant 2003}) 17... Qe5+ 18. Kf2 $2 {[#]} (18. Kf1 $15) 18... Rad8 $36 {[%mdl 2048] Black has strong initiative.} 19. Bd3 Nd5 ({Black should try} 19... Qd4+ $19 20. Kf1 e6) 20. h4 (20. Rae1 $1 $15 Qg7 21. fxg6 fxg6 22. Qe5) 20... Qd4+ 21. Ke2 $2 (21. Kg3) 21... Nf4+ {Precision: White = 19%, Black = 35%.} 0-1

[Event "XXIV ProAm Copa Clarin 2017"]
[Site "Villa Martelli"]
[Date "2017.10.01"]
[Round "1.21"]
[White "Godoy, Luciano"]
[Black "Katopodis, Santiago"]
[Result "1-0"]
[WhiteElo "2105"]
[BlackElo "1485"]
[Annotator "TA"]
[PlyCount "23"]
[EventDate "2017.??.??"]
[EventType "swiss"]
[EventCountry "ARG"]
[SourceTitle "playchess.com"]
[Source "ChessBase"]
[SourceQuality "1"]

{[%evp 10,23,19,35,190,193,154,98,155,154,149,165,699,709,29994,1668]} 1. e4 {[%cal Be2e4,Be4e5][%mdl 32]} e5 2. Nf3 Nc6 3. d4 exd4 4. Bc4 Bc5 5. O-O Nf6 6. e5 {LiveBook: 131 Games} Ng8 $2 {[#] C56: Two Knights: 4 d4 exd4 5 0-0 Nxe4} (6... Ng4 $14) (6... d5 7. exf6 dxc4 8. fxg7 Rg8 9. Bg5 Be7 10. Bxe7 Nxe7 11. Qxd4 Qxd4 12. Nxd4 Rxg7 13. Re1 Bh3 14. g3 Rd8 15. c3 c5 {½-½ (41) Azarov,S (2618)-Kamsky,G (2672) Arlington 2015}) 7. Ng5 $1 $18 {[%cal Rg5f7]} Nh6 8. Ne4 (8. Re1 $142) 8... Be7 (8... d5 $142 9. exd6 Bxd6) 9. Bxh6 $40 {[%mdl 128] White is out for blood.} gxh6 10. Qh5 {[%csl Gc4][%cal Rh5f7]} Rf8 $2 (10... O-O) 11. Re1 $18 {[#] And now Nf6+ would win.} Na5 $146 ({Predecessor:} 11... d5 12. Nf6+ Bxf6 13. exf6+ Kd7 14. Qxd5# {1-0 (14) Vidal Zamora,C (1677)-Pinsach Gelabert,G Figueres 2010}) 12. Nf6+ 1-0

[Event "XXIV ProAm Copa Clarin 2017"]
[Site "Villa Martelli"]
[Date "2017.10.01"]
[Round "1.22"]
[White "Ibanez, Nestor Edmundo"]
[Black "Palu, Andres"]
[Result "0-1"]
[WhiteElo "1407"]
[BlackElo "2063"]
[Annotator "NA RC"]
[PlyCount "66"]
[EventDate "2017.??.??"]
[EventType "swiss"]
[EventCountry "ARG"]
[SourceTitle "playchess.com"]
[Source "ChessBase"]
[SourceQuality "1"]
[TimeControl "5400+30"]

1. d4 Nf6 2. Nf3 b6 3. Bf4 Bb7 4. Nbd2 g6 5. e3 Bg7 6. Be2 O-O 7. c3 c5 8. Qc2 Nc6 9. O-O Rc8 10. Rfe1 Nh5 11. d5 Nxf4 12. exf4 Na5 13. Nb3 Bxd5 14. Nxa5 bxa5 15. c4 Be6 16. Rad1 Qc7 17. g3 Rb8 18. b3 a4 19. Ng5 axb3 20. axb3 Rb6 21. Nxe6 Rxe6 22. Bg4 Rxe1+ 23. Rxe1 e6 24. Bf3 Rb8 25. h4 Bd4 26. Kg2 a5 27. Be4 a4 28. bxa4 Rb2 29. Qd3 Rxf2+ 30. Kh3 Qa5 31. Rb1 Qxa4 32. h5 Kg7 33. hxg6 hxg6 {( 0-1 en la jugada 37 )} 0-1

[Event "XXIV ProAm Copa Clarin 2017"]
[Site "Villa Martelli"]
[Date "2017.10.01"]
[Round "1.23"]
[White "Churba, Daniel Alberto"]
[Black "Fuentes, Agustin"]
[Result "1-0"]
[WhiteElo "2062"]
[BlackElo "1377"]
[Annotator "NA RC"]
[PlyCount "71"]
[EventDate "2017.??.??"]
[EventType "swiss"]
[EventCountry "ARG"]
[SourceTitle "playchess.com"]
[Source "ChessBase"]
[SourceQuality "1"]
[TimeControl "5400+30"]

1. Nf3 Nf6 2. c4 g6 3. g3 Bg7 4. Bg2 d6 5. O-O O-O 6. d4 Nbd7 7. Nc3 c5 8. d5 Nb6 9. Qd3 Re8 10. a4 a6 11. h3 Qc7 12. Bf4 Nh5 13. Bd2 e6 14. a5 Nd7 15. dxe6 fxe6 16. Ne4 Nhf6 17. Qxd6 Qxd6 18. Nxd6 Rd8 19. Rad1 Nf8 20. Be3 Ne8 21. Ne4 Rxd1 22. Rxd1 Bxb2 23. Rd8 Kf7 24. Nxc5 Ke7 25. Bg5+ Kf7 26. Nd3 Bf6 27. Nde5+ Ke7 28. Rxe8+ Kxe8 29. Bxf6 Nd7 30. Bg5 Nxe5 31. Nxe5 Bd7 32. Bxb7 Ra7 33. Be4 Rc7 34. Be3 Ke7 35. Bb6 Rc8 36. Bb7 1-0

[Event "XXIV ProAm Copa Clarin 2017"]
[Site "Villa Martelli"]
[Date "2017.10.01"]
[Round "1.26"]
[White "Souza, Marcos Valerio A"]
[Black "Amoroso, Juan Pablo"]
[Result "0-1"]
[WhiteElo "2000"]
[BlackElo "2014"]
[Annotator "NA RC"]
[PlyCount "70"]
[EventDate "2017.??.??"]
[EventType "swiss"]
[EventCountry "ARG"]
[SourceTitle "playchess.com"]
[Source "ChessBase"]
[SourceQuality "1"]
[TimeControl "5400+30"]

1. e4 c5 2. Nf3 g6 3. c3 Bg7 4. Bc4 Nc6 5. d3 d6 6. Be3 Nf6 7. h3 O-O 8. O-O a6 9. Bb3 b5 10. Qe2 Rb8 11. Bc2 b4 12. b3 Nd7 13. Qe1 a5 14. a3 Ba6 15. axb4 cxb4 16. Ra2 bxc3 17. Nxc3 Nb4 18. Rb2 Nxc2 19. Rxc2 Bxd3 20. Rb2 Bxf1 21. Kxf1 Nc5 22. Bxc5 dxc5 23. e5 e6 24. Qe2 Qc7 25. Nb5 Qc6 26. Na7 Qb6 27. Nd2 Qxa7 28. f4 Rfd8 29. Ne4 c4 30. Rb1 Rxb3 31. Rc1 Qe3 32. Qxe3 Rxe3 33. Rxc4 Red3 34. Ra4 R3d4 35. Nf6+ Bxf6 0-1

[Event "XXIV ProAm Copa Clarin 2017"]
[Site "Villa Martelli"]
[Date "2017.10.01"]
[Round "1.29"]
[White "Valli, Americo"]
[Black "Gallagher, Ian G"]
[Result "1-0"]
[WhiteElo "1981"]
[BlackElo "2089"]
[Annotator "NA RC"]
[PlyCount "21"]
[EventDate "2017.??.??"]
[EventType "swiss"]
[EventCountry "ARG"]
[SourceTitle "playchess.com"]
[Source "ChessBase"]
[SourceQuality "1"]
[TimeControl "5400+30"]

1. e4 e5 2. f4 Nc6 3. Nf3 d6 4. d4 f6 5. Bc4 Nge7 6. dxe5 fxe5 7. Nc3 Bg4 8. O-O Nd4 9. Ne2 Nxe2+ 10. Bxe2 Be6 11. f5 {( 1-0 en la jugada 16 )} 1-0

[Event "XXIV ProAm Copa Clarin 2017"]
[Site "Villa Martelli"]
[Date "2017.10.01"]
[Round "1.31"]
[White "Koch, Juan"]
[Black "Ortiz Guerrero, Santiago"]
[Result "1-0"]
[WhiteElo "1979"]
[BlackElo "1470"]
[Annotator "NA RC"]
[PlyCount "61"]
[EventDate "2017.??.??"]
[EventType "swiss"]
[EventCountry "ARG"]
[SourceTitle "playchess.com"]
[Source "ChessBase"]
[SourceQuality "1"]
[TimeControl "5400+30"]

1. Nf3 e6 2. c4 Nf6 3. g3 Be7 4. Bg2 O-O 5. O-O d5 6. d4 Nc6 7. b3 dxc4 8. bxc4 a6 9. Bb2 b5 10. Ne5 Bb7 11. Nxc6 Bxc6 12. Bxc6 Rb8 13. cxb5 axb5 14. Nd2 b4 15. Nc4 Ng4 16. e4 f6 17. Qxg4 f5 18. exf5 exf5 19. Qe2 b3 20. Qe6+ Kh8 21. Ne5 Rf6 22. Nf7+ Rxf7 23. Qxf7 bxa2 24. Rxa2 Bf6 25. Re1 h6 26. Re8+ Qxe8 27. Bxe8 Kh7 28. Ra6 c5 29. Rxf6 cxd4 30. Rxh6+ Kxh6 31. Qh5# 1-0

[Event "XXIV ProAm Copa Clarin 2017"]
[Site "Villa Martelli"]
[Date "2017.10.01"]
[Round "1.35"]
[White "Bourgeois, William"]
[Black "Costa, Fernando De Souza"]
[Result "0-1"]
[WhiteElo "1865"]
[BlackElo "2000"]
[Annotator "NA RC"]
[PlyCount "72"]
[EventDate "2017.??.??"]
[EventType "swiss"]
[EventCountry "ARG"]
[SourceTitle "playchess.com"]
[Source "ChessBase"]
[SourceQuality "1"]
[TimeControl "5400+30"]

1. Nf3 Nf6 2. c4 c5 3. g3 Nc6 4. Bg2 e6 5. O-O Be7 6. Nc3 O-O 7. Re1 d5 8. cxd5 exd5 9. d4 cxd4 10. Nxd4 h6 11. e4 Nxd4 12. Qxd4 dxe4 13. Nb5 a6 14. Qxd8 Rxd8 15. Nc7 Rb8 16. Bf4 Bf5 17. Rac1 Bd6 18. Bxd6 Rxd6 19. h3 Rd2 20. g4 Bg6 21. f3 exf3 22. Bxf3 Rxb2 23. h4 h5 24. g5 Ng4 25. Nd5 Rd8 26. Ne7+ Kh7 27. Nxg6 fxg6 28. Rcd1 Rxd1 29. Rxd1 Ne5 30. Bd5 Rb4 31. Be6 Rxh4 32. Rd8 Nf3+ 33. Kg2 Nxg5 34. Bg8+ Kh6 35. Bd5 Rg4+ 36. Kf2 Ne4+ {( 0-1 en la jugada 55 )} 0-1